| 000 | 00821nam a2200181 i 4500 | ||
|---|---|---|---|
| 001 | 41836 | ||
| 003 | ES-MaACL | ||
| 007 | t| | ||
| 008 | 030311s1955 sp ||||1| spa d | ||
| 100 | 1 |
_aCastán Tobeñas, José, _d1889-1969 _936392 |
|
| 245 | 1 | 0 |
_aDerecho civil español común y foral / _cJosé Castán Tobeñas. |
| 250 | _a9ª ed. rev. y puesta al día. | ||
| 260 |
_aMadrid : _bReus, _c1955. |
||
| 300 |
_a5 v. ; _c23 cm. |
||
| 505 | 8 | _aContiene: V. I: Parte 1ª: Introducción y parte general. Ideas generales teoría de la norma jurídica. V. II: Parte 2ª: Derechos reales. -- V. III: Derechos de obligaciones. V. IV: Derecho de familia. Derecho de sucesiones. -- Apéndice I: V. I: Parte general. V. II: con la colaboración de Manuel Batlle Vázquez | |
| 852 |
_aES-MaACL _jE-4104-08 |
||
| 999 |
_c41836 _d41836 |
||